Ganancias. Empleados en relación de dependencia. Reglamentación de las modificaciones para el período 2021 (Registro nro. 34315)

Detalles MARC
000 -LEADER
fixed length control field 00393 a2200109 4500
001 - CONTROL NUMBER
control field ART_52716
005 - DATE AND TIME OF LATEST TRANSACTION
control field 20260410162034.0
008 - FIXED-LENGTH DATA ELEMENTS--GENERAL INFORMATION
fixed length control field 260409a
100 1# - MAIN ENTRY--PERSONAL NAME
Personal name De Luca, Lorena F.
245 10 - TITLE STATEMENT
Title Ganancias. Empleados en relación de dependencia. Reglamentación de las modificaciones para el período 2021
773 0# - HOST ITEM ENTRY
Title Liquidación de sueldos
Related parts - N° 182 (jul. 2021)
Record control number REV44399

No hay ítems disponibles.